Touristik-Marketing <Das> Marketing der Tourismus-Organisationen, Verkehrsträger, Reiseveranstalter und Reisebüros

Gespeichert in:
Bibliographische Detailangaben
Weitere Verfasser: Roth, Peter, Schrand, Axel
Format: Buch
Sprache:Deutsch
Veröffentlicht: München Vahlen 1992
Ausgabe:1. Aufl.
Schlagworte:
Tags: Tag hinzufügen
Keine Tags, Fügen Sie das erste Tag hinzu!

MARC

LEADER 00000nam a2200000 4500
001 c003603
005 20221206083637.0
020 |a 3-8006-1564-9 
041 0 |a ger 
044 |a DE 
245 1 0 |a Touristik-Marketing  |b <Das> Marketing der Tourismus-Organisationen, Verkehrsträger, Reiseveranstalter und Reisebüros  |c Edit. Peter Roth, Axel Schrand 
250 |a 1. Aufl. 
264 1 |a München  |b Vahlen  |c 1992 
300 |a 413 s. 
610 2 0 |a marketing 
610 2 0 |a turistika 
610 2 0 |a trh 
610 2 0 |a prostredie životné 
610 2 0 |a prieskum trhu 
610 2 0 |a ruch cestovný 
610 2 0 |a kancelárie cestovné 
610 2 0 |a podnikanie 
700 1 |a Roth, Peter 
700 1 |a Schrand, Axel